000 00822nam a2200217Ia 4500
001 10197
003 GE_BSU
008 181216s||||||||xx |||||||||||||| ||und||
040 _cGE_BSU
100 _aტაბიძე,გალაქტიონ
245 _aთხზულებანი თორმეტ ტომად. ტ.6
245 _bლექსები: [1946-1957]
245 _cსარედ.კოლ.გ.გვერდწითელი.გამოსაც.მოამზადა რუსუდან კუსრაშვილმა
260 _aთბილისი
260 _bსაბჭოთა საქართველო
260 _c1966
300 _a602გვ.21სმ.
653 _aთხზულებანი
653 _aლექსები
942 _cBK
999 _c43466
_d43466